00867nam a2200229 a 4500001001000000003000500010005001700015008004100032010001100073011001100084040000900095100003100104245017100135260004100306500006000347502007700407650002200484650002000506650002000526650002100546856007000567000115376CHAP20220329144531.0190515s2018 mx a |sm |||||||spa d a111837 a112809 cCHAP1 aGarcía García, Elvira.10aActividades poscosecha de la rosa (Rosa hybrida L.) de corte y comercialización por "Agropolis Flowers", S.P.R. de R.L.h[En línea]cpor Elvira García García. aChapingo, Méx. :bEl autor,c2018. aPara ver el contenido del material haga clic en la liga aTesis (Ing. Agr. Esp. en Fitotecnia) -- UACH. Departamento de Fitotecnia14aFloresxTeñido.14aRosasxCalidad.14aRosasxEmpaque.14aRosasxMercadeo. aFinding aiduhttp://10.13.5.2/tesis/sist115376.pdfzTeclea aquí